Handbook of ecological indicators for assessment of ecosystem health (Registro nro. 7328)

Detalles MARC
000 -CABECERA
Campo de control 00833nam a22002417a 4500
005 - FECHA Y HORA DE LA ULTIMA TRANSACCION
Campo de control 20191224041856.0
008 - ELEMENTOS DE LONGITUD FIJA—INFORMACION GENERAL
Campo de control 110416s2010 xxua gr 001 0 eng d
020 ## - ISBN
ISBN 9781439809365
041 ## - IDIOMA
Código de idioma para texto/pista de sonido o título separado Inglés
082 04 - NUMERO DE CLASIFICACION DECIMAL DEWEY
Número de clasificación 577.27
Número del ítem H236h
245 00 - MENCION DE TITULO
Título Handbook of ecological indicators for assessment of ecosystem health
Mención de responsabilidad ed. by Sven E. Jorgensen, Fu-Liu Xu, Robert Costanza
250 ## - MENCION DE EDICION
Mención de edición 2nd ed.
260 ## - PUBLICACION, DISTRIBUCION, ETC. (PIE DE IMPRENTA)
Lugar de publicación, distribución, etc. Boca Raton, FL
Nombre del editor, distribuidor, etc. CRC Press
Fecha de publicación, distribución, etc. 2010
300 ## - DESCRIPCION FISICA
Extensión xiii, 484 p.
Otros detalles físicos il.
504 ## - NOTA DE BIBLIOGRAFIA, ETC.
Nota de bibliografía Incluye referencias bibliográficas e índice
650 17 - ASIENTO SECUNDARIO DE MATERIA - TERMINO TEMATICO
Término temático o nombre geográfico como elemento de entrada Ecosistemas
650 17 - ASIENTO SECUNDARIO DE MATERIA - TERMINO TEMATICO
Término temático o nombre geográfico como elemento de entrada Indicadores ambientales
650 17 - ASIENTO SECUNDARIO DE MATERIA - TERMINO TEMATICO
Término temático o nombre geográfico como elemento de entrada Evaluaci�n del impacto ambiental
700 1# - ASIENTO SECUNDARIO - NOMBRE PERSONAL
Nombre personal Jorgensen, Sven Erik
Fechas asociadas con el nombre 1934-
Término de relación Editor
700 1# - ASIENTO SECUNDARIO - NOMBRE PERSONAL
Nombre personal Xu, Fu-Liu
Término de relación Editor
700 1# - ASIENTO SECUNDARIO - NOMBRE PERSONAL
Nombre personal Costanza, Robert
Término de relación Editor
942 ## - ELEMENTOS ADICIONALES (KOHA)
Sistema de clasificación Dewey Decimal Classification
Tipo de ítem
Koha issues (borrowed), all copies 1
Existencias
Withdrawn status Lost status Sistema de Clasificación Damaged status No para préstamo Colección Inventariado Ubicación Permanente Ubicación actual Fecha de adquisición Fuente de Valor Valor Total Checkouts Total Renewals Número topográfico Inventario / Código de Barras Date last seen Date checked out Ejemplar Price effective from Tipo de material
    Dewey Decimal Classification     General Inventariado 2017 Bogotá Bogotá 03/07/2013 Instituto 39000.00 1 1 LB 577.27 J826h 028729 16/09/2013 03/07/2013 Ej. 1 03/07/2013 Libro